01706cam a2200337 450000500170000000800410001702000220005802000240008002000220010405000210012624501550014726001260030230000190042849000960044750001150054350400390065850501060069750501080080365100760091170000330098770000380102070000400105870000510109870000350114970000400118470000300122470000290125470000280128370000310131170000260134220181127112839.0040629s1990 sp gr 000 0 spa u a8400059883 (t..I) a8400070682 (t.II.)  a8400059891 (O.C.)04aF1231 bC37 199000aCartas de cabildos hispanoamericanos c/ ed., introd. e índices Enriqueta Vila Vilar, Ma. Justina Sarabia Viejo ; colab. Angeles Flores... [et al]. aSevilla, España :bEscuela de Estuidos Hispano-Americanos :bConsejo Superior de Investigaciones Científicas, c1990. at.2 ; c24 cm. aPublicaciones de la Escuela de Estudios Hispano-Americanos de Sevilla v ; N°. general 354 aNota : A la cabeza de la portada: Publicación conmemorativa del V centenario del descubrimiento de América aIncluye bibliografías e índice aContenido : gT. ItCartas de cabildos hispanoamericanos : audiencia de México (siglos XVI y XVII)  aContenido : gT. IItCartas de cabildos hispanoamericanos : audiencia de México (siglos XVIII y XIX)  72LembaMéxico xHistoria yDominación española, 1517-1821vFuentes1 aVila Vilar, Enriqueta, eed.1 aSarabia Viejo, Ma. Justina, eed.1 aFlores Mocoso, Ángeles, ecolab. 1 4Hernandez-Díaz Tapia, Concepción, ecolab.1 aGonzález, Victoria, ecolab.1 aMartínez Ortega, Ana I., ecolab.1 aFistel, Lutecia, ecolab.1 aRivera, Agueda, ecolab.1 aZahino, Luisa, ecolab.1 4Tasset, Remedios, ecolab.1 aVila, Luisa, ecolab.